MARC

LEADER 00000nas a2200000 a 4500
001 ssj0001454256
003 WaSeSS
005 20200512172242.0
006 m d
007 cr n
008 130122c20119999nyuqr p s 0 a0eng
010 |a  2013243045 
016 7 |a 101600177  |2 DNLM 
022 |l 2373-616X  |y 2373-616X 
035 |a (WaSeSS)ssj0001454256 
040 |a NLM  |b eng  |c NLM  |d DLC  |d NLM  |d OCLCF  |d OCLCQ  |d OCLCO  |d OCLCQ  |d AU@  |d WaSeSS 
042 |a pcc  |a nsdp 
050 0 0 |a RC268.15  |b .I58 
060 0 0 |a W1  |b IN766BF 
082 0 0 |a 616  |2 23 
210 1 0 |a Int J Cancer Res Prev  |2 dnlm 
210 0 |a Int. j. cancer res. prev. 
222 0 |a International journal of cancer research and prevention 
245 0 0 |a International journal of cancer research and prevention  |h [electronic resource]. 
260 |a Hauppauge, New York :  |b Nova Science Publishers,  |c [2011-] 
310 |a Quarterly 
362 1 |a Began with vol. 4, no. 1 (2011). 
506 |a License restrictions may limit access. 
580 |a Merger of: Cancer research, and: International journal of cancer prevention. 
588 |a Description based on: Vol. 4, no. 1 (2011); title from cover. 
588 |a Latest issue consulted: Vol. 5, no. 1/2 (2012). 
650 0 |a Cancer  |x Chemoprevention  |v Periodicals. 
650 0 |a Cancer  |x Prevention  |v Periodicals. 
650 1 2 |a Neoplasms. 
650 1 2 |a Neoplasms  |x prevention & control. 
650 7 |a Cancer  |x Chemoprevention.  |2 fast  |0 (OCoLC)fst00845325 
650 7 |a Cancer  |x Prevention.  |2 fast  |0 (OCoLC)fst00845452 
650 7 |a Cancer  |x Chemoprevention  |v Periodicals. 
650 7 |a Cancer  |x Prevention  |x Periodicals. 
650 1 7 |a Neoplasms  |v Periodicals. 
650 1 7 |a Neoplasms  |x prevention & control  |v Periodicals. 
655 0 |a Electronic journals. 
780 1 4 |t International journal of cancer prevention  |x 1554-1134  |w (DLC) 2004209605  |w (OCoLC)57303492 
780 1 4 |t Cancer research journal  |x 1935-2506  |w (DLC) 2006215775  |w (OCoLC)77488951 
850 |a DLC  |a DNLM 
856 4 0 |z Full text available from Research Library: 01/01/2011 to 10/31/2017  |u https://search.proquest.com/publication/2034874